| 000 | 00444cam a2200181 i 4500 | ||
|---|---|---|---|
| 003 | OSt | ||
| 008 | 160616t20172017enka b 001 0 eng | ||
| 020 | _a9781119124238 (cloth) | ||
| 041 | _aeng | ||
| 082 | 0 | 0 | _a633.10284 |
| 100 | 1 |
_aBala, B. K. _92938 |
|
| 245 | 1 | 0 | _aDrying and storage of cereal grains / |
| 250 | _a2nd ed. | ||
| 300 |
_axv, 335 pages : _billustrations ; |
||
| 650 | 0 |
_aGrain _95219 |
|
| 650 | 0 |
_aGrain _95219 |
|
| 942 | _cBK | ||
| 999 |
_c14851 _d14851 |
||